[Horváth, Jozef]

Zobrazenie: Podobizeň národnokultúrneho pracovníka, evanjelického kňaza Jozefa Horvátha (22.2.1819 Socovce - 2.5.1906 Martin).

Bibliographic Details
Format: Photo
Language:Slovak
PhysicalDescription:1 fotografia v hnedom tóne 11 x 6 cm
Published: [S.l. s.n. s.a.]
Subjects:

MARC

LEADER 00000nkmaa2200000 a 4500
001 vtls011885815
003 SK-MaSNL
005 20260301051823.0
007 kh ao
008 230802n xx | ||00 k|slo
035 |a urn:nbn:sk:snk-km00ej6o 
035 |a urn:nbn:sk:snk-km45wak 
035 |a DD75E92F-5114-4021-A8D5-26A6D22F37F1 
040 |a SNKLA  |b slo  |c SNKLA  |e AACR2 
041 0 |a slo 
044 |a xx 
245 0 0 |a [Horváth, Jozef]  |h grafika 
260 |a [S.l.  |b s.n.  |c s.a.] 
300 |a 1 fotografia  |b v hnedom tóne  |c 11 x 6 cm 
520 2 |a Zobrazenie: Podobizeň národnokultúrneho pracovníka, evanjelického kňaza Jozefa Horvátha (22.2.1819 Socovce - 2.5.1906 Martin). 
600 1 7 |a Horváth, Jozef,  |d 1819-1906  |2 SNKMA  |9 190479 
655 7 |a portrétne fotografie  |2 SNKPH  |9 305796 
852 7 |a Slovenská národná knižnica v Martine  |b Literárny archív 
958 |a ZO 
958 |a BLA 
999 |c 604356  |d 606286 
952 |a SNKLA  |b SNKLA  |c SNKLA_DEP  |y NEVYP  |7 0  |p 17A1310256  |o snkSH 28/26  |i snkLA 8339/1957  |0 0  |1 0  |4 0  |d 2019-09-09  |f 1  |l 0  |r 2026-02-23 16:04:42  |w 2026-02-23